Detalles MARC
| 000 -LEADER |
| fixed length control field |
03101nam a2200493Ii 4500 |
| 001 - CONTROL NUMBER |
| control field |
DIGARTEP0005 |
| 003 - CONTROL NUMBER IDENTIFIER |
| control field |
NyNyDIG |
| 006 - FIXED-LENGTH DATA ELEMENTS--ADDITIONAL MATERIAL CHARACTERISTICS |
| fixed length control field |
m o d |
| 007 - PHYSICAL DESCRIPTION FIXED FIELD--GENERAL INFORMATION |
| fixed length control field |
cr ||||||||||| |
| 008 - FIXED-LENGTH DATA ELEMENTS--GENERAL INFORMATION |
| fixed length control field |
140201s2005 txua ob 100 0 eng d |
| 020 ## - INTERNATIONAL STANDARD BOOK NUMBER |
| International Standard Book Number |
9781611920420 |
| Qualifying information |
(eBook) |
| 020 ## - INTERNATIONAL STANDARD BOOK NUMBER |
| Canceled/invalid ISBN |
1558854401 |
| 020 ## - INTERNATIONAL STANDARD BOOK NUMBER |
| Canceled/invalid ISBN |
9781558854406 |
| 035 ## - SYSTEM CONTROL NUMBER |
| System control number |
(OCoLC)609142967 |
| 040 ## - CATALOGING SOURCE |
| Original cataloging agency |
DGITA |
| Language of cataloging |
eng |
| Description conventions |
pn |
| Transcribing agency |
DGITA |
| 043 ## - GEOGRAPHIC AREA CODE |
| Geographic area code |
n-mx--- |
| -- |
n-us--- |
| -- |
n------ |
| 050 14 - LIBRARY OF CONGRESS CALL NUMBER |
| Classification number |
F1230.M373 eBook |
| 245 00 - TITLE STATEMENT |
| Title |
Feminism, nation and myth : |
| Remainder of title |
La Malinche / |
| Statement of responsibility, etc. |
edited by Rolando Romero and Amanda Nolacea Harris. |
| 264 #1 - PRODUCTION, PUBLICATION, DISTRIBUTION, MANUFACTURE, AND COPYRIGHT NOTICE |
| Place of production, publication, distribution, manufacture |
Houston, Tex. : |
| Name of producer, publisher, distributor, manufacturer |
Arte Público Press, |
| Date of production, publication, distribution, manufacture, or copyright notice |
2005. |
| 300 ## - PHYSICAL DESCRIPTION |
| Extent |
1 online resource (xxv, 164 pages) : |
| Other physical details |
ill. |
| 336 ## - CONTENT TYPE |
| Content type term |
text |
| Content type code |
txt |
| Source |
rdacontent |
| 337 ## - MEDIA TYPE |
| Media type term |
computer |
| Media type code |
c |
| Source |
rdamedia |
| 338 ## - CARRIER TYPE |
| Carrier type term |
online resource |
| Carrier type code |
cr |
| Source |
rdacarrier |
| 504 ## - BIBLIOGRAPHY, ETC. NOTE |
| Bibliography, etc. note |
Includes bibliographical references. |
| 505 0# - FORMATTED CONTENTS NOTE |
| Formatted contents note |
La Malinche and post-movement feminism / Amanda Nolacea Harris -- Post scriptum and self-critique / José Emilio Pacheco -- Doña Marina / José Emilio Pacheco -- Malinchista, a myth revised / Alicia Gaspar de Alba -- Malinche triangulated, historically speaking / Deena J. González -- "Mother," Malinche, and allegories of gender, ethnicity and national identity in Mexico / Sandra Messinger Cypess -- Foundational motherhood: Malinche/Guadalupe in contemporary Mexican and Chicana/Chicano culture / Rolando J. Romero / Malinche's revenge / Alicia Gaspar de Alba -- Aesthetics of sex and race / Alfred Arteaga -- Coagulated words: Gaspar de Alba's Malinche / Debra A. Castillo -- Malinche, Calafia y Toypurina: of myths, monsters and embodied history / Antonia I. Castañeda -- Agustín Víctor Casasola's Soldaderas: malinchismo and the Chicana/o artist / Guisela Latorre -- In search of La Malinche: pictorial representations of a mytho-historical figure / María Herrera Sobek -- The Malinche-Llorona dichotomy: the evolution of a myth / Luis Leal -- La Malinche as a metaphor / Tere Romo -- Malinche makeover: one gay Latino's perspective / Franco Mondini-Ruiz -- Living in tongues / Amanda Nolacea Harris. |
| 600 00 - SUBJECT ADDED ENTRY--PERSONAL NAME |
| Personal name |
Marina, |
| Dates associated with a name |
approximately 1505-approximately 1530 |
| General subdivision |
Influence |
| Form subdivision |
Congresses. |
| 600 00 - SUBJECT ADDED ENTRY--PERSONAL NAME |
| Personal name |
Marina, |
| Dates associated with a name |
approximately 1505-approximately 1530 |
| General subdivision |
In literature |
| Form subdivision |
Congresses. |
| 650 #0 - SUBJECT ADDED ENTRY--TOPICAL TERM |
| Topical term or geographic name entry element |
Feminism |
| Geographic subdivision |
America |
| Form subdivision |
Congresses. |
| 650 #0 - SUBJECT ADDED ENTRY--TOPICAL TERM |
| Topical term or geographic name entry element |
Sex role |
| Geographic subdivision |
America |
| Form subdivision |
Congresses. |
| 650 #0 - SUBJECT ADDED ENTRY--TOPICAL TERM |
| Topical term or geographic name entry element |
Ethnicity |
| Geographic subdivision |
America |
| Form subdivision |
Congresses. |
| 650 #0 - SUBJECT ADDED ENTRY--TOPICAL TERM |
| Topical term or geographic name entry element |
Racism |
| Geographic subdivision |
America |
| Form subdivision |
Congresses. |
| 650 #0 - SUBJECT ADDED ENTRY--TOPICAL TERM |
| Topical term or geographic name entry element |
Mexican American women |
| General subdivision |
Social conditions |
| Form subdivision |
Congresses. |
| 650 #0 - SUBJECT ADDED ENTRY--TOPICAL TERM |
| Topical term or geographic name entry element |
Mexican American women |
| General subdivision |
Intellectual life |
| Form subdivision |
Congresses. |
| 650 #0 - SUBJECT ADDED ENTRY--TOPICAL TERM |
| Topical term or geographic name entry element |
Mexican Americans |
| General subdivision |
Social conditions |
| Form subdivision |
Congresses. |
| 650 #0 - SUBJECT ADDED ENTRY--TOPICAL TERM |
| Topical term or geographic name entry element |
Mexican Americans |
| General subdivision |
Intellectual life |
| Form subdivision |
Congresses. |
| 655 #0 - INDEX TERM--GENRE/FORM |
| Genre/form data or focus term |
Electronic books. |
| 700 1# - ADDED ENTRY--PERSONAL NAME |
| Personal name |
Romero, Rolando. |
| 700 1# - ADDED ENTRY--PERSONAL NAME |
| Personal name |
Harris, Amanda Nolacea. |
| 791 2# - |
| -- |
Digitalia (Firm), |
| -- |
distributor. |
| 793 0# - |
| -- |
Digitalia eBook Collection: |
| -- |
Arte Público Press |
| 856 40 - ELECTRONIC LOCATION AND ACCESS |
| Materials specified |
Digitalia Hispánica |
| Uniform Resource Identifier |
<a href="https://www.digitaliapublishing.com/a/23234/">https://www.digitaliapublishing.com/a/23234/</a> |
| 910 ## - USER-OPTION DATA (OCLC) |
| User-option data |
Premium Collection: 2007-2012 |
| 942 ## - ADDED ENTRY ELEMENTS (KOHA) |
| Koha item type |
Recurso Electrónico |